30 biggest cities in Utah - Statistics

General Stats
  • This quiz has been taken 54 times
  • The average score is 17 of 30
Answer Stats
Population City % Correct
209,593 Salt Lake City
100%
87,267 Ogden
92%
113,343 Provo
89%
104,578 St. George
89%
134,470 West Valley City
89%
114,908 West Jordan
87%
95,519 Orem
84%
90,227 Lehi
76%
55,250 Logan
76%
91,943 Sandy
76%
84,528 South Jordan
74%
83,516 Layton
63%
45,557 Spanish Fork
61%
38,549 American Fork
58%
49,602 Draper
58%
39,942 Cedar City
53%
60,049 Herriman
53%
44,144 Bountiful
47%
49,553 Murray
45%
56,932 Eagle Mountain
42%
44,854 Riverton
42%
57,098 Taylorsville
42%
62,205 Millcreek
37%
38,592 Roy
37%
52,532 Saratoga Springs
34%
39,263 Tooele
29%
37,294 Pleasant Grove
18%
35,561 Midvale
16%
37,767 Kearns
11%
37,022 Syracuse
3%
No matching quizzes found
Score Distribution
Percent of People with Each Score
Percentile by Number Answered
Your Score History
You have not taken this quiz